[Event "Nevinnomyssk-ch"]
[Site "Nevinnomyssk"]
[Date "2011.12.18"]
[Round "1"]
[White "Tekeyev, Yusuf"]
[Black "Tekeyev, Zaur"]
[Result "1/2-1/2"]
[WhiteElo "2275"]
[BlackElo "2211"]
[PlyCount "36"]
[EventDate "2011.12.18"]
[EventType "tourn"]
[EventRounds "13"]
[EventCountry "RUS"]
[SourceTitle "CBM 146 Extra"]
[Source "ChessBase"]
[SourceDate "2012.02.29"]
[SourceVersion "1"]
[SourceVersionDate "2012.02.29"]
[SourceQuality "1"]

1. e4 c5 2. Nf3 Nc6 3. d4 cxd4 4. Nxd4 Nf6 5. Nc3 e5 6. Ndb5 d6 7. Bg5 a6 8. Na3 b5 9. Nd5 Be7 10. Bxf6 Bxf6 11. c3 0-0 12. Nc2 Bg5 13. a4 bxa4 14. Rxa4 a5 15. Bc4 Rb8 16. b3 Kh8 17. 0-0 f5 18. exf5 Rxf5 1/2-1/2

[Event "Stavropol Region-ch"]
[Site "Kislovodsk"]
[Date "2011.09.16"]
[Round "7"]
[White "Rozhko, Mariya"]
[Black "Tekeyev, Yusuf"]
[Result "0-1"]
[WhiteElo "2096"]
[BlackElo "2304"]
[PlyCount "34"]
[EventDate "2011.09.09"]
[EventType "swiss"]
[EventRounds "9"]
[EventCountry "RUS"]
[SourceTitle "EXT 2022"]
[Source "ChessBase"]
[SourceDate "2021.10.06"]
[SourceVersion "1"]
[SourceVersionDate "2021.10.06"]
[SourceQuality "1"]

1. d4 Nf6 2. Nf3 g6 3. Bg5 Bg7 4. Nbd2 c5 5. c3 cxd4 6. cxd4 0-0 7. e4 d5 8. e5 Ne4 9. Bd3 Nxg5 10. Nxg5 Nc6 11. Nb3 Qb6 12. Bb1 a5 13. a4 Qb4+ 14. Kf1 Bg4 15. Qxg4 Qxb3 16. Bf5 Qc4+ 17. Kg1 Nxd4 0-1

[Event "Stavropol Region-ch"]
[Site "Kislovodsk"]
[Date "2011.09.15"]
[Round "6"]
[White "Tekeyev, Yusuf"]
[Black "Polischuk, Vyacheslav"]
[Result "1-0"]
[WhiteElo "2304"]
[BlackElo "1811"]
[PlyCount "87"]
[EventDate "2011.09.09"]
[EventType "swiss"]
[EventRounds "9"]
[EventCountry "RUS"]
[SourceTitle "EXT 2022"]
[Source "ChessBase"]
[SourceDate "2021.10.06"]
[SourceVersion "1"]
[SourceVersionDate "2021.10.06"]
[SourceQuality "1"]

1. e4 e5 2. Nf3 Nc6 3. Bb5 a6 4. Ba4 Nf6 5. 0-0 Nxe4 6. d4 exd4 7. Re1 d5 8. Nxd4 Bd6 9. Nxc6 Bxh2+ 10. Kh1 Qh4 11. Rxe4+ dxe4 12. Qd8+ Qxd8 13. Nxd8+ Kxd8 14. Kxh2 Be6 15. Be3 f5 16. Nd2 Ke7 17. f3 exf3 18. Nxf3 h6 19. Bd4 b5 20. Bb3 Bxb3 21. cxb3 Rhg8 22. Rc1 Rac8 23. Rc6 a5 24. a4 bxa4 25. bxa4 g6 26. Ne5 Rb8 27. Bc3 Rb6 28. Rxc7+ Ke6 29. Ra7 Kd5 30. Rxa5+ Ke4 31. Nd7 Rbb8 32. Nf6+ Ke3 33. Nxg8 Rxg8 34. Ra6 f4 35. a5 h5 36. Rd6 Ke2 37. a6 g5 38. a7 g4 39. Kg1 Ra8 40. Re6+ Kd3 41. Re7 h4 42. Be5 Rc8 43. Bxf4 g3 44. Re1 1-0

[Event "Nevinnomyssk 4th"]
[Site "Nevinnomyssk"]
[Date "2010.02.06"]
[Round "8"]
[White "Kozolup, Vadim"]
[Black "Tekeyev, Yusuf"]
[Result "1/2-1/2"]
[WhiteElo "2135"]
[BlackElo "2097"]
[PlyCount "109"]
[EventDate "2010.01.30"]
[EventType "tourn"]
[EventRounds "9"]
[EventCountry "RUS"]
[SourceTitle "EXT 2022"]
[Source "ChessBase"]
[SourceDate "2021.10.06"]
[SourceVersion "1"]
[SourceVersionDate "2021.10.06"]
[SourceQuality "1"]

1. e4 e5 2. Nf3 Nf6 3. Nxe5 d6 4. Nf3 Nxe4 5. Qe2 Qe7 6. d3 Nf6 7. Bg5 Qxe2+ 8. Bxe2 Be7 9. Nc3 Be6 10. Nd4 c6 11. 0-0 Na6 12. Rfe1 Nc7 13. f4 h6 14. Bh4 c5 15. Ndb5 Nxb5 16. Nxb5 Kd7 17. Bf3 a6 18. Nc3 Rab8 19. Rab1 b5 20. Bxf6 Bxf6 21. Nd5 Bd4+ 22. Kh1 g6 23. c3 Bg7 24. a3 Rhe8 25. Red1 f5 26. Rd2 g5 27. g3 Bxd5 28. Bxd5 b4 29. axb4 cxb4 30. c4 Kc7 31. fxg5 hxg5 32. Rf1 Bd4 33. Rxf5 Re1+ 34. Kg2 g4 35. Rf7+ Kb6 36. h4 Rbe8 37. Rb7+ Ka5 38. b3 R8e2+ 39. Rxe2 Rxe2+ 40. Kf1 Re3 41. Rd7 Be5 42. d4 Bxg3 43. c5 dxc5 44. dxc5 Bxh4 45. Bc4 Rf3+ 46. Kg2 Rf2+ 47. Kg1 Rc2 48. Ra7 Bf2+ 49. Kf1 Rxc4 50. bxc4 Bxc5 51. Rc7 Kb6 52. Rg7 Bd6 53. Ke2 g3 54. Kd3 a5 55. Rg8 1/2-1/2

[Event "Nevinnomyssk Rating 3rd"]
[Site "Nevinnomyssk"]
[Date "2009.08.09"]
[Round "2"]
[White "Tekeyev, Zaur"]
[Black "Tekeyev, Yusuf"]
[Result "1/2-1/2"]
[WhiteElo "2060"]
[BlackElo "2161"]
[PlyCount "45"]
[EventDate "2009.08.08"]
[EventType "tourn"]
[EventRounds "10"]
[EventCountry "RUS"]
[SourceTitle "EXT 2021"]
[Source "ChessBase"]
[SourceDate "2020.10.23"]
[SourceVersion "1"]
[SourceVersionDate "2020.10.23"]
[SourceQuality "1"]

1. d4 d5 2. c4 e6 3. Nc3 Nf6 4. Nf3 Be7 5. Bg5 0-0 6. e3 Nbd7 7. Bd3 dxc4 8. Bxc4 a6 9. a4 c5 10. 0-0 cxd4 11. Nxd4 Nb6 12. Be2 Nbd5 13. Bxf6 Bxf6 14. Nxd5 exd5 15. Rc1 Be6 16. Qd3 Rc8 17. h3 Rxc1 18. Rxc1 Qd6 19. a5 g6 20. Qc2 Bxd4 21. exd4 Rc8 22. Qd2 Rxc1+ 23. Qxc1 1/2-1/2

[Event "Nevinnomyssk"]
[Site "Nevinnomyssk"]
[Date "2009.02.25"]
[Round "7"]
[White "Grigoryan, Artur"]
[Black "Tekeyev, Yusuf"]
[Result "0-1"]
[WhiteElo "2216"]
[BlackElo "2161"]
[PlyCount "58"]
[EventDate "2009.02.21"]
[EventType "tourn"]
[EventRounds "11"]
[EventCountry "RUS"]
[SourceTitle "EXT 2012"]
[Source "ChessBase"]
[SourceDate "2011.11.24"]
[SourceVersion "1"]
[SourceVersionDate "2011.11.24"]
[SourceQuality "1"]

1. d4 Nf6 2. Nf3 g6 3. c4 Bg7 4. Nc3 0-0 5. e4 d6 6. Be2 e5 7. 0-0 Nc6 8. d5 Ne7 9. b4 Ne8 10. c5 f5 11. Ng5 h6 12. Ne6 Bxe6 13. dxe6 fxe4 14. Nxe4 d5 15. Nc3 c6 16. Qb3 Kh7 17. Bb2 Nf5 18. Rfe1 Nd4 19. Qa4 Nc7 20. Rad1 Ncxe6 21. Bg4 b5 22. Qa6 Nc7 23. Qa5 h5 24. Be2 Rf7 25. Bd3 Qh4 26. Rf1 e4 27. Bb1 Nf3+ 28. gxf3 exf3 29. Bxg6+ Kxg6 0-1